00249nam a2200109Ia 4500008004100000040001200041082001400053100001900067245002200086260002300108300000800131200103s9999||||xx |||||||||||||| ||und|| aIMU-MPC aColumn-65 aPuri, Narottam 0a1000 Cricket Quiz bRupa Companyc1991 a145